Pendidikan Pencegahan Dadah Dan Aids / (Record no. 27234)

000 -LEADER
fixed length control field 00924nam a22002657a 4500
001 - CONTROL NUMBER
control field 000002974
003 - CONTROL NUMBER IDENTIFIER
control field PPM
005 - DATE AND TIME OF LATEST TRANSACTION
control field 20260428111450.0
008 - FIXED-LENGTH DATA ELEMENTS--GENERAL INFORMATION
fixed length control field 260428b ||||| |||| 00| 0 eng d
020 ## - INTERNATIONAL STANDARD BOOK NUMBER
International Standard Book Number 9839743139
Terms of availability RM 25.00
Qualifying information Hardback
035 ## - SYSTEM CONTROL NUMBER
System control number 0000002974
040 ## - CATALOGING SOURCE
Language of cataloging Malay
Transcribing agency Pusat Penyelidikan Mineral, Jabatan Mineral Dan Geosains Malaysia
Modifying agency PPM
Description conventions RDA
082 00 - DEWEY DECIMAL CLASSIFICATION NUMBER
Edition number 19
Classification number 362.2936
Item number GAN 1993
100 1# - MAIN ENTRY--PERSONAL NAME
Personal name Gan, Judy
Relator term author
245 10 - TITLE STATEMENT
Title Pendidikan Pencegahan Dadah Dan Aids /
Statement of responsibility, etc. oleh Judy Gan
260 #1 - PUBLICATION, DISTRIBUTION, ETC.
Place of publication, distribution, etc. Kuala Lumpur :
Name of publisher, distributor, etc. Delmu (Malaysia),
Date of publication, distribution, etc. 1993
300 00 - PHYSICAL DESCRIPTION
Extent v, 273 pages .:
Other physical details illustrations .;
Dimensions 21 cm
500 ## - GENERAL NOTE
General note Judul kulit depan
501 ## - WITH NOTE
With note Mengandungi soalan dan jawapan
650 10 - SUBJECT ADDED ENTRY--TOPICAL TERM
Topical term or geographic name entry element Drug abuse
General subdivision Study and teaching
Geographic subdivision Malaysia
650 10 - SUBJECT ADDED ENTRY--TOPICAL TERM
Topical term or geographic name entry element AIDS (Disease)
General subdivision Study and teaching
Geographic subdivision Malaysia
650 10 - SUBJECT ADDED ENTRY--TOPICAL TERM
Topical term or geographic name entry element Drug abuse
General subdivision Prevention
Geographic subdivision Malaysia
650 10 - SUBJECT ADDED ENTRY--TOPICAL TERM
Topical term or geographic name entry element Drug abuse
General subdivision Miscellanea
942 ## - ADDED ENTRY ELEMENTS (KOHA)
Source of classification or shelving scheme
Koha item type Books
Holdings
Withdrawn status Lost status Source of classification or shelving scheme Damaged status Not for loan Collection code Permanent Location Current Location Shelving location Date acquired Cost, normal purchase price Total Checkouts Full call number Date last seen Cost, replacement price Price effective from Koha item type
Available         Open Shelf PPM PPM Open Shelf 28/04/2026 25.00   362.2936 GAN 1993 28/04/2026 2026.00 28/04/2026 Books